000 00664nam a2200145 a 4500
008 131002s2009 ||||||||||||||||| || u
020 _a9780751766639
050 _aHF 5667 Ass
110 _aAssociation of Chartered Certified Accountants (ACCA)
245 1 0 _aACCA practice & revision kit: paper F8: Audit and assurance (International) for exams in 2009
_cBy The Association of Chartered Certified Accountants
260 _aLondon:
_bBPP Learning Media Ltd
_c2009
300 _axxii, 306p.: ill.
650 _aAUDITING--ACCOUNTING
995 _FCBU-MAIN LIBRARY (Kitwe)
_M1
_UAVAILABLE
_WOct 4, 2013
_ZShort Loan Collection
999 _c33234
_d33234